Najbardziej Amerykańskie logo cukierków - Statystyki

Ogólne statystyki
  • Ten quiz został rozwiązany 12 razy
  • Średni wynik to 6 z 16
Statystyki odpowiedzi
Obrazkowy Odpowiedź % Poprawnych
Snickers
100%
Twix
100%
Skittles
80%
Reese's
70%
Kit Kat
60%
Toblerone
60%
Cadbury
40%
Hershey's
40%
Jelly Belly
10%
Smarties
10%
York
10%
Lemonheads
0%
Nestle Crunch
0%
Payday
0%
Tootsie Roll
0%
Whoppers
0%
Nie znaleziono quizów pasujących do podanych kryteriów
Rozkład punktacji
Procent ludzi z każdym wynikiem
Percentyl według liczby udzielonych odpowiedzi
Twoja historia wyników
Nie rozwiązałeś tego quizu